Normal view
MARC view
Entry Topical Term
001 - CONTROL NUMBER
- control field: 14508
003 - CONTROL NUMBER IDENTIFIER
- control field: OSt
005 - DATE AND TIME OF LATEST TRANSACTION
- control field: 20260129160612.0
008 - FIXED-LENGTH DATA ELEMENTS
- fixed length control field: 260129|| aca||aabn | a|a d
040 ## - CATALOGING SOURCE
- Original cataloging agency: OSt
- Transcribing agency: OSt
150 ## - HEADING--TOPICAL TERM
- Geographic subdivision: Israel
- Topical term or geographic name entry element: Ethnic relations
- Form subdivision: Encyclopedias
670 ## - SOURCE DATA FOUND
- Source citation: Work cat.: (OSt)5506: Conflict in the holy land :, 2025.
